000 00599nam a2200229Ia 4500
003 OSt
005 20221006164858.0
006 a|||||r|||| 00| 0
007 ta
008 221006b |||||||| |||| 00| 0 eng d
024 _a3,492
037 _cTextual
040 _aFML
_cFML
_beng
041 _2eng
_aeng
082 _aNR44w, Q5;1
100 _aNeuman Daniel M. Au.
_9678560
245 0 _aStuding India's Musicians
260 _aDelhi
_bDistriputors
_c2015
300 _a281
_ccm.
942 _hNR44w, Q5;1
_cTEXL
_2CC
999 _c1118791
_d1118791